Logo CIB grande

SOTENIBILIDAD EN EL EMPRENDIMIENTO Y LAS MIPYME (Registro nro. 236721)

Detalles MARC
000 -LEADER
campo de control de longitud fija 00761nam a2200265Ia 4500
005 - FECHA Y HORA DE LA ÚLTIMA TRANSACCIÓN
campo de control 20250425162812.0
008 - DATOS DE LONGITUD FIJA--INFORMACIÓN GENERAL
campo de control de longitud fija 250425s9999 xx 000 0 und d
020 ## - NÚMERO INTERNACIONAL ESTÁNDAR DEL LIBRO
Número Internacional Estándar del Libro 97899420353
041 ## - CÓDIGO DE IDIOMA
Código de lengua del texto/banda sonora o título independiente spa
043 ## - CÓDIGO DE ÁREA GEOGRÁFICA
Código de área geográfica ec
082 ## - NÚMERO DE LA CLASIFICACIÓN DECIMAL DEWEY
Número de clasificación 361.763068
010 ## - NÚMERO DE CONTROL DE LA BIBLIOTECA DEL CONGRESO
Número de control de LC 109171
100 ## - ENTRADA PRINCIPAL--NOMBRE DE PERSONA
Nombre de persona ARAQUE JARAMILLO, WILSON ED
245 #0 - MENCIÓN DEL TÍTULO
Título SOTENIBILIDAD EN EL EMPRENDIMIENTO Y LAS MIPYME
250 ## - MENCION DE EDICION
Mención de edición 1A ED
260 ## - PUBLICACIÓN, DISTRIBUCIÓN, ETC.
Lugar de publicación, distribución, etc. Ecuador
Nombre del editor, distribuidor, etc. CORPORACION EDITORA NACIONAL
Fecha de publicación, distribución, etc. 2019
260 ## - PUBLICACIÓN, DISTRIBUCIÓN, ETC.
Lugar de publicación, distribución, etc. QUITO
300 ## - DESCRIPCIÓN FÍSICA
Extensión 246
500 ## - NOTA GENERAL
Nota general DONADO POR XAVIER ORDEÑANA
500 ## - NOTA GENERAL
Nota general Título Traducido: SOTENIBILIDAD EN EL EMPRENDIMEINTO Y LAS MIPYME
650 ## - PUNTO DE ACCESO ADICIONAL DE MATERIA--TÉRMINO DE MATERIA
Término de materia o nombre geográfico como elemento de entrada EMPRENDIMIENTO SOSTENIBLE
650 ## - PUNTO DE ACCESO ADICIONAL DE MATERIA--TÉRMINO DE MATERIA
Término de materia o nombre geográfico como elemento de entrada GESTION EMPRESARIAL
650 ## - PUNTO DE ACCESO ADICIONAL DE MATERIA--TÉRMINO DE MATERIA
Término de materia o nombre geográfico como elemento de entrada SUSTENTABILIDAD Y COMPETITIVIDAD
942 ## - ELEMENTOS DE ENTRADA SECUNDARIOS (KOHA)
Tipo de ítem Koha Libros
Existencias
Estatus retirado Estado de pérdida Estado de daño No para préstamo Biblioteca de origen Biblioteca actual Fecha de adquisición Coste, precio normal de compra Total de préstamos Código de barras Copia número Nota pública
        ESCUELA DE NEGOCIOS ESCUELA DE NEGOCIOS 05/08/2019 10.00   D-P 14064 1 DONADO

Copyright 2025 ESPOL. Todos los derechos reservados.